| 000 | 00971cam a22002774a 4500 | ||
|---|---|---|---|
| 001 | 205497 | ||
| 005 | 20260424131453.0 | ||
| 008 | 990708s2000 maub 001 0 eng | ||
| 020 |
_a0312207646 _qpbk. : acid-free paper |
||
| 020 |
_a9780312207649 _q(pbk. : acid-free paper) |
||
| 050 | 0 | 0 |
_aPN771 _b.V39 2000 |
| 082 | 0 | 0 |
_a808/.0427 _221 |
| 100 | 1 | _aVerburg, Carol J. | |
| 245 | 1 | 0 |
_aOurselves among others : _breadings from home and abroad / _c[compiled by] Carol J. Verburg. |
| 250 | _a4th ed. | ||
| 260 |
_aBoston : _bBedford/St. Martin's, _cc2000. |
||
| 300 |
_axxvii, 640 p. : _bmap ; _c24 cm. |
||
| 500 | _aIncludes indexes. | ||
| 500 | _aMap on lining paper. | ||
| 650 | 0 |
_aLiterature, Modern _y20th century _xHistory and criticism. |
|
| 650 | 0 | _aLiterature and society. | |
| 650 | 0 | _aEthnicity in literature. | |
| 650 | 0 |
_aEthnology _xStudy and teaching _zUnited States. |
|
| 650 | 0 |
_aMulticultural education _zUnited States. |
|
| 942 |
_2lcc _cBK _e4th Ed. _n0 |
||
| 999 |
_c9618 _d9618 |
||